Eltemették dr. Tari Jánost [rövid hír]

Elmentve itt :
Bibliográfiai részletek
Dokumentumtípus: Cikk
Megjelent: 1970-04-17
Sorozat:Délmagyarország 60 No. 89
Kulcsszavak:Tari János, Szabadtéri Játékok 1969-1973, Temetési beszámoló
Online Access:http://dmarchiv.bibl.u-szeged.hu/78334
LEADER 00468nab a2200145 i 4500
001 delm78334
005 20180928084302.0
008 180928s1970 hu o 0|| hun d
040 |a SZTE Délmagyarország Archívum  |b hun 
041 |a hun 
245 0 0 |a Eltemették dr. Tari Jánost   |h [elektronikus dokumentum] :  |b [rövid hír] 
260 |c 1970-04-17 
300 |a 7 
490 0 |a Délmagyarország  |v 60 No. 89 
695 |a Tari János, Szabadtéri Játékok 1969-1973, Temetési beszámoló